Lecture notes in international trade theory: Classical trade and applications (Record no. 1224911)

MARC details
000 -LEADER
fixed length control field 00717nam a2200229Ia 4500
005 - DATE AND TIME OF LATEST TRANSACTION
control field 20241129104219.0
008 - FIXED-LENGTH DATA ELEMENTS--GENERAL INFORMATION
fixed length control field 241129s9999||||xx |||||||||||||| ||und||
020 ## - INTERNATIONAL STANDARD BOOK NUMBER
International Standard Book Number 9789811249860
037 ## - SOURCE OF ACQUISITION
Stock number Textual
040 ## - CATALOGING SOURCE
Original cataloging agency RTL
Language of cataloging eng
Transcribing agency RTL
041 ## - LANGUAGE CODE
Language code of text/sound track or separate title eng
Source of code eng
084 ## - COLON CLASSIFICATION NUMBER
Classification number X:54.1 R2
Assigning agency RTL
100 ## - MAIN ENTRY--PERSONAL NAME
Personal name Karp Larry S
9 (RLIN) 725265
245 #0 - TITLE STATEMENT
Title Lecture notes in international trade theory: Classical trade and applications
Statement of responsibility, etc. Karp Larry S
260 ## - PUBLICATION, DISTRIBUTION, ETC.
Place of publication, distribution, etc. New Jersey
Name of publisher, distributor, etc. World Scientific
Date of publication, distribution, etc. 2022
300 ## - PHYSICAL DESCRIPTION
Extent xviii,284p.
365 ## - TRADE PRICE
Price type code INR
Price amount 8189.86
490 ## - SERIES STATEMENT
Series statement World Scientific Lecture notes in Economics and Policy; Vol.10
650 ## - SUBJECT ADDED ENTRY--TOPICAL TERM
Topical term or geographic name entry element Economics
942 ## - ADDED ENTRY ELEMENTS (KOHA)
Koha item type Textbook
Classification part X:54.1 R2
Holdings
Withdrawn status Lost status Damaged status Not for loan Home library Current library Date acquired Source of acquisition Cost, normal purchase price Inventory number Total Checkouts Full call number Barcode Date last seen Price effective from Koha item type
        Ratan Tata Library Ratan Tata Library 2024-11-29 Classic book service 8189.86 243 & 22/02/2023   X:54.1 R2 RT1502847 2024-11-29 2024-11-29 Textbook
Copyright @ Delhi University Library System